Building Britain's future (Record no. 120807)

MARC details
000 -LEADER
fixed length control field 01051cai a22001935a 4500
001 - CONTROL NUMBER
control field E147898
008 - FIXED-LENGTH DATA ELEMENTS--GENERAL INFORMATION
fixed length control field 090630u xxk g 000 0 eng d
035 ## - SYSTEM CONTROL NUMBER
System control number (Sirsi) u147898
041 0# - LANGUAGE CODE
Language code of text/sound track or separate title eng
110 2# - MAIN ENTRY--CORPORATE NAME
Corporate name or jurisdiction name as entry element United Kingdom
Subordinate unit HM Government
9 (RLIN) 5056
245 00 - TITLE STATEMENT
Title Building Britain's future
Medium [electronic resource]
520 ## - SUMMARY, ETC.
Summary, etc. Part of the Government's website devoted to the "Building Britain's Future" initiative, which aims to encourage the general public to get involved in policy-making by commenting on draft legislation relating to 12 priority areas. These areas are: cleaning up politics; jobs and skills; a new economy; more power for patients; more power for parents; investing in young people; early years; affordable housing; crime and policing; immigration and citizenship; a low carbon future; international leadership.
590 ## - LOCAL NOTE (RLIN)
Local note KA NTK
651 #4 - SUBJECT ADDED ENTRY--GEOGRAPHIC NAME
Geographic name United Kingdom
Chronological subdivision 1973-
690 ## - LOCAL SUBJECT ADDED ENTRY--TOPICAL TERM (OCLC, RLIN)
Topical term or geographic name as entry element MANAGEMENT
690 ## - LOCAL SUBJECT ADDED ENTRY--TOPICAL TERM (OCLC, RLIN)
Topical term or geographic name as entry element PROPERTY
856 40 - ELECTRONIC LOCATION AND ACCESS
Uniform Resource Identifier <a href="https://www.hmg.gov.uk/buildingbritainsfuture.aspx">https://www.hmg.gov.uk/buildingbritainsfuture.aspx</a>
Public note View the website at www.hmg.gov.uk
942 ## - ADDED ENTRY ELEMENTS (KOHA)
Suppress in OPAC 0
Holdings
Withdrawn status Lost status Source of classification or shelving scheme Damaged status Not for loan Home library Current library Shelving location Date acquired Total Checkouts Full call number Barcode Date last seen Copy number Price effective from Koha item type
    Dewey Decimal Classification     Virtual Virtual Online 30/06/2009   ONLINE PUBLICATION 147898-2001 06/08/2019 1 06/08/2019 Book